000 00351nam a2200133Ia 4500
100 _aWeston/ John
942 _cBK
654 _aAutomated welding systems
245 _aFourth International Conference Automated Welding Systems In Manufacturing
260 _bGafeshead
_aUK
_c1991
082 _a671.52
_bWES
546 _aENGLISH
999 _c31703
_d31703